000 00632nam a2200229Ia 4500
003 OSt
005 20220918202751.0
006 a|||||r|||| 00| 0
007 ta
008 220917b |||||||| |||| 00| 0 eng d
024 _a103,690
037 _cTextual
040 _aARTS
_cARTS
_beng
041 _2eng
_aeng
082 _aV2M64,1M11:28, J2 (EV)
100 _aDharm Pal
245 0 _aAdministration of Sir John Lawrence in India, 1864-1869
260 _aSimla
_bMinerva Book Shop
_c1952
650 _aHISTORY
942 _hV2M64,1M11:28, J2 (EV)
_cTEXL
_2CC
999 _c227091
_d227091